| 000 | 00507nam a22001577a 4500 | ||
|---|---|---|---|
| 005 | 20180827135134.0 | ||
| 008 | 120206t xxu||||| |||| 00| 0 eng d | ||
| 020 |
_a8178880148 _c00.00 |
||
| 035 | _aB-059056, B-059062 | ||
| 040 |
_aDPL _bENG |
||
| 100 |
_aDas, Swarup K. _940913 |
||
| 245 |
_aA textbook of personal computer software / _cby Swarup K. Das |
||
| 260 |
_aNew Delhi _bDominant Publishers and Distributors _c2001 |
||
| 300 |
_av, 298p. _c18 cms. |
||
| 942 |
_2ddc _cEN _h005.3 _mDAS |
||
| 999 |
_c62033 _d62033 |
||